Kali in bild(Potassium in picture) (Record no. 20643)

MARC details
000 -LEADER
fixed length control field 00286nam a2200109Ia 4500
082 ## - DEWEY DECIMAL CLASSIFICATION NUMBER
Classification number 631.83
Item number KAL
245 #0 - TITLE STATEMENT
Title Kali in bild(Potassium in picture)
260 ## - PUBLICATION, DISTRIBUTION, ETC. (IMPRINT)
Place of publication Hannover
Name of publisher Landwirtschaftliche
650 ## - SUBJECT ADDED ENTRY--TOPICAL TERM
Topical Term Potash deficiency
942 ## - ADDED ENTRY ELEMENTS (KOHA)
Koha item type Books
Holdings
Withdrawn status Lost status Damaged status Not for loan Home library Current library Date acquired Full call number Accession Number Koha item type
        RRII Library RRII Library 16/12/2021 631.83 KAL 01364 Books